Central Library OPAC University of Rajshahi
Normal view MARC view

Entry Personal Name

Number of records used in: 2

001 - CONTROL NUMBER

  • control field: 604

003 - CONTROL NUMBER IDENTIFIER

  • control field: BD-RjUL

005 - DATE AND TIME OF LATEST TRANSACTION

  • control field: 20220109144137.0

008 - FIXED-LENGTH DATA ELEMENTS

  • fixed length control field: 220109|| aca||aabn | a|a d

040 ## - CATALOGING SOURCE

  • Original cataloging agency: BD-RjUL
  • Transcribing agency: BD-RjUL

100 ## - HEADING--PERSONAL NAME

  • Personal name: কায়সার, আবু

670 ## - SOURCE DATA FOUND

  • Source citation: Work cat.: (BD-RjUL)79140: কায়সার, আবু, অন্য এক বঙ্গবন্ধু /, ২০০১ [মুদ্রণ ২০২০]